[Event "SVK-chT2C 0708"]
[Site "Slovakia"]
[Date "2008.01.12"]
[Round "7.1"]
[White "Klaska, Bohuslav"]
[Black "Kraml, Maros"]
[Result "1/2-1/2"]
[WhiteElo "1906"]
[BlackElo "2025"]
[PlyCount "108"]
[EventDate "2007.10.06"]
[EventType "team-tourn"]
[EventRounds "11"]
[EventCountry "SVK"]
[SourceTitle "EXT 2010"]
[Source "ChessBase"]
[SourceDate "2010.11.25"]
[SourceVersion "1"]
[SourceVersionDate "2010.11.25"]
[SourceQuality "1"]
[WhiteTeam "Zvolen Slavia"]
[BlackTeam "Banska Bystrica Junior"]
[WhiteTeamCountry "SVK"]
[BlackTeamCountry "SVK"]

1. c4 c5 2. g3 e5 3. Bg2 Nc6 4. d3 Nf6 5. Nc3 d6 6. a3 Be7 7. Nf3 0-0 8. 0-0 h6 9. Bd2 Be6 10. Rb1 a5 11. Ne1 Qd7 12. Nd5 Bxd5 13. cxd5 Nb8 14. a4 b6 15. b3 Na6 16. Nc2 Nb4 17. Nxb4 axb4 18. Qc2 b5 19. axb5 Qxb5 20. Bc1 Ra7 21. Bb2 Rfa8 22. Ra1 Ra2 23. Rxa2 Rxa2 24. Ra1 Qa6 25. Qb1 Rxa1 26. Qxa1 Qxa1+ 27. Bxa1 Ne8 28. f4 exf4 29. gxf4 Bf6 30. Bxf6 Nxf6 31. Bf3 Ne8 32. e4 f6 33. Bh5 Nc7 34. Kf2 Nb5 35. Ke3 Nd4 36. Bd1 Kf7 37. f5 g6 38. Kf4 Kg7 39. h4 h5 40. fxg6 Kxg6 41. Ke3 f5 42. Kf4 Kf6 43. exf5 Nxf5 44. Bxh5 Nxh4 45. Bg4 Ng6+ 46. Ke4 Ne5 47. Be2 Nf7 48. d4 Ng5+ 49. Kd3 Ke7 50. Kc4 Ne4 51. dxc5 dxc5 52. Bd3 Nd2+ 53. Kxc5 Nxb3+ 54. Kxb4 Nd4 1/2-1/2

[Event "SVK-ch op-A"]
[Site "Banska Stiavnica"]
[Date "2007.07.14"]
[Round "8.60"]
[White "Edes, Zsofia"]
[Black "Kraml, Maros"]
[Result "1/2-1/2"]
[WhiteElo "1831"]
[BlackElo "2032"]
[PlyCount "43"]
[EventDate "2007.07.07"]
[EventType "swiss"]
[EventRounds "9"]
[EventCountry "SVK"]
[SourceTitle "EXT 2010"]
[Source "ChessBase"]
[SourceDate "2010.11.25"]
[SourceVersion "1"]
[SourceVersionDate "2010.11.25"]
[SourceQuality "1"]

1. d4 d5 2. c4 e6 3. Nc3 Nf6 4. Bg5 Be7 5. Nf3 0-0 6. e3 h6 7. Bf4 c6 8. Bd3 dxc4 9. Bxc4 Nbd7 10. 0-0 b5 11. Bd3 Bb7 12. Rc1 a6 13. Ne4 Qb6 14. Qc2 Nxe4 15. Bxe4 c5 16. dxc5 Bxe4 17. cxb6 Bxc2 18. b7 Ra7 19. b8Q Nxb8 20. Rxc2 Bf6 21. Rfc1 Nd7 22. b3 1/2-1/2

[Event "SVK-ch op-A"]
[Site "Banska Stiavnica"]
[Date "2007.07.11"]
[Round "5.55"]
[White "Kraml, Maros"]
[Black "Vrabel, Michal"]
[Result "0-1"]
[WhiteElo "2032"]
[BlackElo "1959"]
[PlyCount "58"]
[EventDate "2007.07.07"]
[EventType "swiss"]
[EventRounds "9"]
[EventCountry "SVK"]
[SourceTitle "EXT 2010"]
[Source "ChessBase"]
[SourceDate "2010.11.25"]
[SourceVersion "1"]
[SourceVersionDate "2010.11.25"]
[SourceQuality "1"]

1. e4 c5 2. Nf3 Nc6 3. d4 cxd4 4. Nxd4 Nf6 5. Nc3 d6 6. Be2 a6 7. Be3 e6 8. Nb3 Be7 9. 0-0 Qc7 10. f4 0-0 11. Bf3 Re8 12. g4 b5 13. a3 Bb7 14. g5 Nd7 15. f5 Nde5 16. Bh5 g6 17. f6 Bf8 18. Be2 Rac8 19. Rf4 Na5 20. Rh4 Nac4 21. Bc1 Qb6+ 22. Kh1 d5 23. Bd3 Nxa3 24. Nxd5 exd5 25. bxa3 dxe4 26. Bxe4 Bxe4+ 27. Rxe4 Qb7 28. Qe2 Nc4 29. Qg2 Qxe4 0-1

[Event "SVK-ch Seniors op"]
[Site "Tatranske Matliare"]
[Date "2007.06.12"]
[Round "4"]
[White "Vodicka, Vlastimil"]
[Black "Kraml, Maros"]
[Result "1/2-1/2"]
[WhiteElo "2222"]
[BlackElo "2032"]
[PlyCount "30"]
[EventDate "2007.06.10"]
[EventType "swiss"]
[EventRounds "9"]
[EventCountry "SVK"]
[SourceTitle "EXT 2008"]
[Source "ChessBase"]
[SourceDate "2007.11.25"]
[SourceVersion "1"]
[SourceVersionDate "2007.11.25"]
[SourceQuality "1"]

1. d4 d5 2. Nf3 Nf6 3. c4 e6 4. Nc3 Be7 5. Bg5 0-0 6. e3 h6 7. Bh4 c6 8. Qc2 Nbd7 9. Rd1 Re8 10. Bd3 dxc4 11. Bxc4 b5 12. Bb3 Bb7 13. 0-0 Qb6 14. Qe2 a6 15. e4 c5 1/2-1/2

[Event "Tatry op"]
[Site "Tatranske Zruby"]
[Date "2005.09.17"]
[Round "9"]
[White "Kraml, Maros"]
[Black "Veres, Andrej"]
[Result "0-1"]
[WhiteElo "2003"]
[BlackElo "2128"]
[PlyCount "116"]
[EventDate "2005.09.10"]
[EventType "swiss"]
[EventRounds "9"]
[EventCountry "SVK"]
[SourceTitle "CBM 108 Extra"]
[Source "ChessBase"]
[SourceDate "2005.11.04"]
[SourceVersion "1"]
[SourceVersionDate "2005.11.04"]
[SourceQuality "1"]

1. e4 e5 2. Nf3 Nf6 3. Bc4 Nxe4 4. Qe2 d5 5. d3 Nf6 6. Qxe5+ Be7 7. Bb3 Nc6 8. Qe2 0-0 9. 0-0 Re8 10. Bg5 Ba3 11. Qxe8+ Qxe8 12. Nxa3 Be6 13. Bxf6 gxf6 14. Nb5 Qd7 15. Rfe1 Kh8 16. Re3 Rg8 17. Rae1 Bh3 18. g3 f5 19. Nbd4 f4 20. Ne5 fxe3 21. Nxd7 Nxd4 22. Rxe3 Bxd7 23. Bxd5 Be6 24. Bxe6 Nxe6 25. c3 Kg7 26. d4 Rd8 27. b4 Rd5 28. f4 b6 29. Kf2 c5 30. dxc5 bxc5 31. a3 cxb4 32. axb4 a5 33. bxa5 Rxa5 34. h3 Rc5 35. Ke2 Kf6 36. Kd2 Kf5 37. Rd3 Ra5 38. Rd7 Kf6 39. Rd3 Nc5 40. Rf3 Ne4+ 41. Kc1 Ra2 42. Re3 Kf5 43. Rd3 Rh2 44. Re3 Rg2 45. g4+ Kxf4 46. Rd3 Ke5 47. c4 Rg3 48. Rd5+ Kf6 49. Rf5+ Kg6 50. Rf4 Rc3+ 51. Kd1 Rxc4 52. Ke1 Nd6 53. Rf3 Rc2 54. Kf1 Ne4 55. Kg1 Rc3 56. Rf4 Ng5 57. Ra4 Nxh3+ 58. Kg2 Re3 0-1

[Event "Tatry op"]
[Site "Tatranske Zruby"]
[Date "2005.09.10"]
[Round "1"]
[White "Kraml, Maros"]
[Black "Macharacek, Simon"]
[Result "0-1"]
[WhiteElo "2003"]
[BlackElo "2223"]
[PlyCount "54"]
[EventDate "2005.09.10"]
[EventType "swiss"]
[EventRounds "9"]
[EventCountry "SVK"]
[SourceTitle "CBM 108 Extra"]
[Source "ChessBase"]
[SourceDate "2005.11.04"]
[SourceVersion "1"]
[SourceVersionDate "2005.11.04"]
[SourceQuality "1"]

1. e4 e5 2. Nf3 Nc6 3. Bb5 g6 4. Bxc6 dxc6 5. 0-0 Bg7 6. d3 Ne7 7. b3 c5 8. Bb2 Nc6 9. Nbd2 0-0 10. Nc4 f6 11. h3 Be6 12. Re1 a5 13. a4 Kh8 14. Ne3 Qd7 15. Kh2 Rae8 16. Qe2 Nd4 17. Qd1 f5 18. exf5 gxf5 19. Nf1 Bd5 20. Nxd4 cxd4 21. f3 c5 22. Nd2 Bh6 23. Nc4 Qg7 24. Bc1 Rg8 25. Qe2 Qg3+ 26. Kh1 Bxf3 27. Bxh6 Bxg2+ 0-1